|
|
|
|
| LEADER |
01512nam a2200409 a 4500 |
| 001 |
EBC408191 |
| 003 |
MiAaPQ |
| 005 |
20200520144314.0 |
| 006 |
m o d | |
| 007 |
cr cn||||||||| |
| 008 |
071206s2008 ilua sb 001 0 eng |
| 010 |
|
|
|z 2007049302
|
| 015 |
|
|
|a GBA858762
|2 bnb
|
| 016 |
7 |
|
|z 014595505
|2 Uk
|
| 020 |
|
|
|z 9780226771670 (cloth : alk. paper)
|
| 020 |
|
|
|z 0226771679 (cloth : alk. paper)
|
| 035 |
|
|
|a (MiAaPQ)EBC408191
|
| 035 |
|
|
|a (Au-PeEL)EBL408191
|
| 035 |
|
|
|a (CaPaEBR)ebr10265947
|
| 035 |
|
|
|a (CaONFJC)MIL196654
|
| 035 |
|
|
|a (OCoLC)310968834
|
| 040 |
|
|
|a MiAaPQ
|c MiAaPQ
|d MiAaPQ
|
| 043 |
|
|
|a d------
|
| 050 |
|
4 |
|a HG3881.5.W57
|b S74 2008
|
| 082 |
0 |
4 |
|a 338.9009172/4
|2 22
|
| 100 |
1 |
|
|a Stein, Howard,
|d 1952-
|
| 245 |
1 |
0 |
|a Beyond the World Bank agenda
|h [electronic resource] :
|b an institutional approach to development /
|c Howard Stein.
|
| 260 |
|
|
|a Chicago :
|b University of Chicago Press,
|c 2008.
|
| 300 |
|
|
|a xviii, 334 p. :
|b ill.
|
| 504 |
|
|
|a Includes bibliographical references (p. [301]-325) and index.
|
| 533 |
|
|
|a Electronic reproduction. Ann Arbor, MI : ProQuest, 2015. Available via World Wide Web. Access may be limited to ProQuest affiliated libraries.
|
| 610 |
2 |
0 |
|a World Bank.
|
| 650 |
|
0 |
|a Economic development
|z Developing countries.
|
| 650 |
|
0 |
|a Institutional economics.
|
| 655 |
|
4 |
|a Electronic books.
|
| 710 |
2 |
|
|a ProQuest (Firm)
|
| 856 |
4 |
0 |
|u https://ebookcentral.proquest.com/lib/matrademy/detail.action?docID=408191
|z Click to View
|